Industrial-strength formal methods in practice / (Record no. 8739)
[ view plain ]
| 000 -LEADER | |
|---|---|
| fixed length control field | 01395cam a22003134a 4500 |
| 001 - CONTROL NUMBER | |
| control field | 2158256 |
| 003 - CONTROL NUMBER IDENTIFIER | |
| control field | OSt |
| 005 - DATE AND TIME OF LATEST TRANSACTION | |
| control field | 20240624120929.0 |
| 008 - FIXED-LENGTH DATA ELEMENTS--GENERAL INFORMATION | |
| fixed length control field | 990615s1999 ge a 001 0 eng |
| 010 ## - LIBRARY OF CONGRESS CONTROL NUMBER | |
| LC control number | 99033669 |
| 020 ## - INTERNATIONAL STANDARD BOOK NUMBER | |
| International Standard Book Number | 1852336404 (alk. paper) |
| 040 ## - CATALOGING SOURCE | |
| Original cataloging agency | DLC |
| Transcribing agency | must |
| Modifying agency | DLC |
| 042 ## - AUTHENTICATION CODE | |
| Authentication code | pcc |
| 082 00 - DEWEY DECIMAL CLASSIFICATION NUMBER | |
| Classification number | 537.54 PRA 2003 |
| Edition number | 21 |
| 100 ## - MAIN ENTRY--PERSONAL NAME | |
| Personal name | Hinchey, Michael G. |
| 9 (RLIN) | 17665 |
| 245 00 - TITLE STATEMENT | |
| Title | Industrial-strength formal methods in practice / |
| Statement of responsibility, etc. | Michael G. Hinchey and Jonathan P. Bowen, (eds.). |
| 260 ## - PUBLICATION, DISTRIBUTION, ETC. (IMPRINT) | |
| Place of publication, distribution, etc. | Berlin ; |
| -- | New York : |
| Name of publisher, distributor, etc. | Springer, |
| Date of publication, distribution, etc. | c1999. |
| 300 ## - PHYSICAL DESCRIPTION | |
| Extent | xvi, 400 p. : |
| Other physical details | ill. ; |
| Dimensions | 24 cm. |
| 440 #0 - SERIES STATEMENT/ADDED ENTRY--TITLE | |
| Title | Formal approaches to computing and information technology |
| 9 (RLIN) | 17666 |
| 504 ## - BIBLIOGRAPHY, ETC. NOTE | |
| Bibliography, etc | Includes bibliographical references and index. |
| 650 #0 - SUBJECT ADDED ENTRY--TOPICAL TERM | |
| Topical term or geographic name as entry element | Formal methods (Computer science) |
| 9 (RLIN) | 685 |
| 700 1# - ADDED ENTRY--PERSONAL NAME | |
| Personal name | Hinchey, Michael G. |
| Fuller form of name | (Michael Gerard), |
| Dates associated with a name | 1969- |
| 9 (RLIN) | 17667 |
| 700 1# - ADDED ENTRY--PERSONAL NAME | |
| Personal name | Bowen, J. P. |
| Fuller form of name | (Jonathan Peter), |
| Dates associated with a name | 1956- |
| 9 (RLIN) | 17668 |
| 856 42 - ELECTRONIC LOCATION AND ACCESS | |
| Materials specified | Publisher description |
| Uniform Resource Identifier | <a href="http://www.loc.gov/catdir/enhancements/fy0816/99033669-d.html">http://www.loc.gov/catdir/enhancements/fy0816/99033669-d.html</a> |
| 856 41 - ELECTRONIC LOCATION AND ACCESS | |
| Materials specified | Table of contents only |
| Uniform Resource Identifier | <a href="http://www.loc.gov/catdir/enhancements/fy0816/99033669-t.html">http://www.loc.gov/catdir/enhancements/fy0816/99033669-t.html</a> |
| 906 ## - LOCAL DATA ELEMENT F, LDF (RLIN) | |
| a | 7 |
| b | cbc |
| c | orignew |
| d | 1 |
| e | ocip |
| f | 19 |
| g | y-gencatlg |
| 942 ## - ADDED ENTRY ELEMENTS (KOHA) | |
| Source of classification or shelving scheme | Dewey Decimal Classification |
| Koha item type | Open Shelf |
| Withdrawn status | Lost status | Source of classification or shelving scheme | Damaged status | Not for loan | Home library | Current library | Date acquired | Source of acquisition | Inventory number | Total Checkouts | Full call number | Barcode | Date last seen | Price effective from | Koha item type |
|---|---|---|---|---|---|---|---|---|---|---|---|---|---|---|---|
| Other/Generic Classification Scheme | MUST Main Library | MUST Main Library | 24/06/2024 | purchase | 11/33650 | 537.54 PRA 2003 | 2024-21088 | 24/06/2024 | 24/06/2024 | Open Shelf |
